| 000 | 01323nam a2200337 a 4500 | ||
|---|---|---|---|
| 001 | |||
| 003 | OSt | ||
| 005 | 20210811122314.0 | ||
| 007 | |||
| 008 | 180403s2016 dr a 000 0 spa d | ||
| 020 | _a9789945586640 | ||
| 040 |
_aDO-SdBNP _bspa _cBPMSU |
||
| 041 | _h | ||
| 082 |
_a333.7 _bT465m 2016 _222 |
||
| 100 | 1 |
_aThomen, Antonio, _d1933- |
|
| 245 | 1 | 0 |
_aMemorias y testamento de un ecologista : _bapuntes para una historia sobre de la defensa del medio ambiente del país fundado por Juan Pablo Duarte / _cAntonio Thomen ; prólogo Eleuterio Martínez. |
| 260 |
_aSanto Domingo : _bArchivo General de la Nación, _c2016. |
||
| 300 |
_a336 p. : _bil. ; _c23 cm. |
||
| 490 | 0 |
_aArchivo General de la Nación, _v266 |
|
| 500 | _aIncluye referencias bibliográficas y notas al pie de las páginas. | ||
| 500 | _aIncluye datos biográficos del autor en las solapas | ||
| 590 | _aInventariado, 2021/VM | ||
| 600 | 1 | 4 |
_aThomen, Antonio, _d1933- _vColección de artículos |
| 650 | 4 |
_aEcología _zRepública Dominicana |
|
| 650 | 4 |
_aConservación del medio ambiente _zRepública Dominicana |
|
| 650 | 4 | _aConservación de los recursos naturales. | |
| 700 | 1 |
_aMartínez, Eleuterio, _epról. |
|
| 710 | 2 | _aArchivo General de la Nación (República Dominicana) | |
| 910 | _aVMateo V. | ||
| 942 |
_2ddc _cBK |
||
| 999 |
_c13652 _d13652 |
||